Score 0/21 Timer 04:00
0 Plays Today
Phrase, Title or Name Missing Tool or Hardware % Correct
Chutes and _______Ladders
90.4%
'The X-_____Files
89.6%
Usain ____Bolt
89.5%
'The ___cracker Suite'Nut
88.3%
Colonel ________Sanders
86.2%
Nine Inch _____Nails
85.8%
'With A Little ___ Of Luck'Bit
85.4%
The Golden ____Rule
83.5%
The _____ bowlPunch
77.8%
'If I Had A _______'Hammer
75.5%
'Ride My See-___'Saw
74.5%
Phrase, Title or Name Missing Tool or Hardware % Correct
____ recorderTape
73.1%
Sea _____Level
73%
'Mack the _____'Knife
72.3%
_______ CenterStaples
71.5%
'Man on ____'Wire
67%
Jed, Granny, & Elly May _____ettClamp
65%
'The Turn of the _____'Screw
64.6%
Two-minute _____Drill
51.8%
The 'Maple Leaf ___'Rag
40.2%
______ your knee, ankle, etc.Wrench
33.7%

Today's Daily Dose

Missing Word
'T' Pairs

Word Ladder
Game Pieces

Get the Picture
Baseball Movies

Remove Ads.
Support Sporcle.
Get the best of Sporcle when you Go Orange. This ad-free experience offers more features, more stats, and more fun while also helping to support Sporcle. Thank you for becoming a member.

You're not logged in!

Compare scores with friends on all Sporcle quizzes.
OR
Log In

Show Comments

Extras

Top Quizzes Today


Score Distribution

Your Account Isn't Verified!

In order to create a playlist on Sporcle, you need to verify the email address you used during registration. Go to your Sporcle Settings to finish the process.

Report this User

Report this user for behavior that violates our Community Guidelines.

Details: